| 000 -LEADER |
| fixed length control field |
00445cam a22001217a 4500 |
| 008 - FIXED-LENGTH DATA ELEMENTS--GENERAL INFORMATION |
| fixed length control field |
180718b1971 xxu||||| |||| 00| 0 eng d |
| 082 ## - DEWEY DECIMAL CLASSIFICATION NUMBER |
| Classification number |
R8603x5452 1967 |
| 245 ## - TITLE STATEMENT |
| Title |
Report on the working of industrial disputes act, 1947 |
| Statement of responsibility, etc. |
by Department of Labor and Employment |
| 260 ## - PUBLICATION, DISTRIBUTION, ETC. |
| Place of publication, distribution, etc. |
Madras |
| Name of publisher, distributor, etc. |
Government of Tamil Nadu |
| Date of publication, distribution, etc. |
1971 |
| 300 ## - PHYSICAL DESCRIPTION |
| Extent |
49p |
| 500 ## - GENERAL NOTE |
| General note |
Contents: Library has 1967, 1968, 1971, |
| 700 ## - ADDED ENTRY--PERSONAL NAME |
| Personal name |
Tamil Nadu. Department of Labor and Employment |